000 00283nam a22001217a 4500
041 _aENG
100 _aIAEA
245 _aFood Preservation By Irradiation Vol
260 _aVienna
_bInternational Atomic Energy Agency
_c1978
300 _a594
650 _aAPE
856 _uAPE ( 03 )
999 _c1720
_d1720